|
|
|
|
| LEADER |
08328nam a2200733 a 4500 |
| 001 |
00022105 |
| 008 |
1103023r20091997enka b 000 0 eng d |
| 010 |
|
|
|a 2004275612
|
| 020 |
|
|
|a 0521827914
|
| 020 |
|
|
|a 0521535131 (pbk.)
|
| 020 |
|
|
|a 9788185618883
|
| 040 |
|
|
|a DLC
|c DLC
|d DLC
|d BD-DhAAL
|
| 082 |
0 |
0 |
|a 822.3/3
|2 22
|
| 100 |
1 |
|
|a Shakespeare, William,
|d 1564-1616.
|
| 245 |
1 |
0 |
|a Julius Caesar /
|c edited by Marvin Spevack.
|
| 260 |
|
|
|a Cambridge, UK ;
|a New York ;
|b Cambridge University Press,
|c 1997.[Reprinted 2009]
|
| 300 |
|
|
|a xv, 184 p. :
|b ill. ;
|c 24 cm.
|
| 490 |
1 |
|
|a The new Cambridge Shakespeare
|
| 504 |
|
|
|a Includes bibliographical references.
|
| 541 |
1 |
|
|e 00022105
|
| 600 |
1 |
0 |
|a Caesar, Julius
|x Assassination
|v Drama.
|
| 650 |
|
0 |
|a Conspiracies
|v Drama.
|
| 650 |
|
0 |
|a Assassins
|v Drama.
|
| 651 |
|
0 |
|a Rome
|v Drama.
|
| 655 |
|
7 |
|a Tragedies.
|2 gsafd
|
| 700 |
1 |
|
|a Spevack, Marvin.
|
| 800 |
1 |
|
|a Shakespeare, William,
|d 1564-1616.
|t Works.
|f 1984.
|s Cambridge University Press.
|
| 852 |
4 |
|
|a Ayesha Abed Library
|j General shelf
|
| 999 |
|
|
|c 10569
|d 10569
|
| 952 |
|
|
|0 0
|1 0
|2 ddc
|4 0
|6 822_330000000000000_SHA
|7 0
|9 14865
|a BRACUL
|b BRACUL
|c GEN
|d 2011-03-23
|e Development Book Agency
|g 440.00
|l 5
|m 25
|o 822.33 SHA
|p 3010022105
|r 2025-05-25
|s 2025-05-20
|t 1
|w 2011-03-23
|y BK
|
| 952 |
|
|
|0 0
|1 0
|2 ddc
|4 0
|6 822_330000000000000_SHA
|7 0
|9 14866
|a BRACUL
|b BRACUL
|c GEN
|d 2011-03-23
|e Development Book Agency
|g 440.00
|l 5
|m 32
|o 822.33 SHA
|p 3010022106
|r 2025-11-06
|s 2025-11-04
|t 2
|w 2011-03-23
|y BK
|
| 952 |
|
|
|0 0
|1 0
|2 ddc
|4 0
|6 822_330000000000000_SHA
|7 0
|9 14867
|a BRACUL
|b BRACUL
|c GEN
|d 2011-03-23
|e Development Book Agency
|g 440.00
|l 3
|m 14
|o 822.33 SHA
|p 3010022107
|r 2025-11-30
|s 2025-10-15
|t 3
|w 2011-03-23
|y BK
|
| 952 |
|
|
|0 0
|1 0
|2 ddc
|4 0
|6 822_330000000000000_SHA
|7 0
|9 14881
|a BRACUL
|b BRACUL
|c GEN
|d 2011-03-23
|e Development Book Agency
|g 440.00
|l 6
|m 80
|o 822.33 SHA
|p 3010022108
|r 2025-06-18
|s 2025-02-11
|t 4
|w 2011-03-23
|y BK
|
| 952 |
|
|
|0 0
|1 0
|2 ddc
|4 0
|6 822_330000000000000_SHA
|7 0
|9 14882
|a BRACUL
|b BRACUL
|c GEN
|d 2011-03-23
|e Development Book Agency
|g 440.00
|l 4
|m 47
|o 822.33 SHA
|p 3010022109
|r 2026-01-15
|s 2025-12-21
|t 5
|w 2011-03-23
|y BK
|
| 952 |
|
|
|0 0
|1 0
|2 ddc
|4 0
|6 822_330000000000000_SHA
|7 0
|9 14883
|a BRACUL
|b BRACUL
|c GEN
|d 2011-03-23
|e Development Book Agency
|g 440.00
|l 4
|m 7
|o 822.33 SHA
|p 3010022110
|r 2025-05-20
|s 2025-05-13
|t 6
|w 2011-03-23
|y BK
|
| 952 |
|
|
|0 0
|1 0
|2 ddc
|4 0
|6 822_330000000000000_SHA
|7 0
|9 14888
|a BRACUL
|b BRACUL
|c GEN
|d 2011-03-23
|e Development Book Agency
|g 440.00
|l 7
|m 106
|o 822.33 SHA
|p 3010022111
|r 2025-03-23
|s 2025-03-16
|t 7
|w 2011-03-23
|y BK
|
| 952 |
|
|
|0 0
|1 0
|2 ddc
|4 0
|6 822_330000000000000_SHA
|7 0
|9 14889
|a BRACUL
|b BRACUL
|c GEN
|d 2011-03-23
|e Development Book Agency
|g 440.00
|l 2
|m 20
|o 822.33 SHA
|p 3010022112
|r 2025-10-22
|s 2022-10-19
|t 8
|w 2011-03-23
|y BK
|
| 952 |
|
|
|0 0
|1 0
|2 ddc
|4 0
|6 822_330000000000000_SHA
|7 0
|9 14891
|a BRACUL
|b BRACUL
|c GEN
|d 2011-03-23
|e Development Book Agency
|g 440.00
|l 4
|m 7
|o 822.33 SHA
|p 3010022113
|r 2025-05-21
|s 2025-05-13
|t 9
|w 2011-03-23
|y BK
|
| 952 |
|
|
|0 0
|1 4
|2 ddc
|4 0
|6 822_330000000000000_SHA
|7 0
|9 14892
|a BRACUL
|b BRACUL
|c GEN
|d 2011-03-23
|e Development Book Agency
|g 440.00
|l 2
|o 822.33 SHA
|p 3010022114
|r 2017-05-16
|s 2017-05-15
|t 10
|w 2011-03-23
|y BK
|x Koha Inventory 2020
|
| 952 |
|
|
|0 0
|1 3
|2 ddc
|4 0
|6 822_330000000000000_SHA
|7 0
|9 14893
|a BRACUL
|b BRACUL
|c GEN
|d 2011-03-23
|e Development Book Agency
|g 440.00
|l 2
|m 8
|o 822.33 SHA
|p 3010022115
|r 2022-04-03
|s 2020-02-25
|t 11
|v 880.00
|w 2011-03-23
|y BK
|x Lost and cost paid by (MD. ALL IMRAN ID:21241076) on 03/04/2022 SL No-45452
|
| 952 |
|
|
|0 0
|1 0
|2 ddc
|4 0
|6 822_330000000000000_SHA
|7 0
|9 14894
|a BRACUL
|b BRACUL
|c GEN
|d 2011-03-23
|e Development Book Agency
|g 440.00
|l 7
|m 36
|o 822.33 SHA
|p 3010022116
|r 2025-05-04
|s 2025-05-03
|t 12
|w 2011-03-23
|y BK
|
| 952 |
|
|
|0 0
|1 0
|2 ddc
|4 0
|6 822_330000000000000_SHA
|7 0
|9 14895
|a BRACUL
|b BRACUL
|c GEN
|d 2011-03-23
|e Development Book Agency
|g 440.00
|l 2
|m 16
|o 822.33 SHA
|p 3010022117
|r 2025-05-20
|s 2025-05-13
|t 13
|w 2011-03-23
|y BK
|
| 952 |
|
|
|0 0
|1 0
|2 ddc
|4 0
|6 822_330000000000000_SHA
|7 0
|9 14896
|a BRACUL
|b BRACUL
|c GEN
|d 2011-03-23
|e Development Book Agency
|g 440.00
|l 4
|m 55
|o 822.33 SHA
|p 3010022118
|r 2026-01-15
|s 2025-10-20
|t 14
|w 2011-03-23
|y BK
|
| 952 |
|
|
|0 0
|1 0
|2 ddc
|4 0
|6 822_330000000000000_SHA
|7 0
|9 14897
|a BRACUL
|b BRACUL
|c GEN
|d 2011-03-23
|e Development Book Agency
|g 440.00
|l 2
|m 1
|o 822.33 SHA
|p 3010022119
|r 2025-05-21
|s 2025-05-20
|t 15
|w 2011-03-23
|y BK
|
| 952 |
|
|
|0 0
|1 0
|2 ddc
|4 0
|6 822_330000000000000_SHA
|7 0
|9 14898
|a BRACUL
|b BRACUL
|c GEN
|d 2011-03-23
|e Development Book Agency
|g 440.00
|l 7
|m 4
|o 822.33 SHA
|p 3010022120
|r 2026-01-13
|s 2026-01-12
|t 16
|w 2011-03-23
|y BK
|
| 952 |
|
|
|0 0
|1 0
|2 ddc
|4 0
|6 822_330000000000000_SHA
|7 0
|9 14899
|a BRACUL
|b BRACUL
|c GEN
|d 2011-03-23
|e Development Book Agency
|g 440.00
|l 5
|m 58
|o 822.33 SHA
|p 3010022121
|r 2025-06-23
|s 2025-03-11
|t 17
|w 2011-03-23
|y BK
|
| 952 |
|
|
|0 0
|1 0
|2 ddc
|4 0
|6 822_330000000000000_SHA
|7 0
|9 14900
|a BRACUL
|b BRACUL
|c GEN
|d 2011-03-23
|e Development Book Agency
|g 440.00
|l 3
|m 50
|o 822.33 SHA
|p 3010022122
|r 2025-05-21
|s 2025-02-11
|t 18
|w 2011-03-23
|y BK
|
| 952 |
|
|
|0 0
|1 0
|2 ddc
|4 0
|6 822_330000000000000_SHA
|7 0
|9 14901
|a BRACUL
|b BRACUL
|c GEN
|d 2011-03-23
|e Development Book Agency
|g 440.00
|l 7
|m 33
|o 822.33 SHA
|p 3010022123
|r 2026-01-12
|s 2026-01-04
|t 19
|w 2011-03-23
|y BK
|
| 952 |
|
|
|0 0
|1 0
|2 ddc
|4 0
|6 822_330000000000000_SHA
|7 0
|9 14902
|a BRACUL
|b BRACUL
|c GEN
|d 2011-03-23
|e Development Book Agency
|g 440.00
|l 5
|m 34
|o 822.33 SHA
|p 3010022124
|r 2025-06-18
|s 2025-02-05
|t 20
|w 2011-03-23
|y BK
|
| 952 |
|
|
|0 0
|1 0
|2 ddc
|4 0
|6 822_330000000000000_SHA
|7 0
|9 14904
|a BRACUL
|b BRACUL
|c GEN
|d 2011-03-23
|e Development Book Agency
|g 440.00
|l 4
|m 4
|o 822.33 SHA
|p 3010022125
|r 2026-01-14
|s 2025-12-21
|t 21
|w 2011-03-23
|y BK
|
| 952 |
|
|
|0 0
|1 0
|2 ddc
|4 0
|6 822_330000000000000_SHA
|7 0
|9 14905
|a BRACUL
|b BRACUL
|c GEN
|d 2011-03-23
|e Development Book Agency
|g 440.00
|l 6
|m 52
|o 822.33 SHA
|p 3010022126
|r 2025-05-21
|s 2025-05-14
|t 22
|w 2011-03-23
|y BK
|
| 952 |
|
|
|0 0
|1 0
|2 ddc
|4 0
|6 822_330000000000000_SHA
|7 0
|9 14906
|a BRACUL
|b BRACUL
|c GEN
|d 2011-03-23
|e Development Book Agency
|g 440.00
|l 7
|m 33
|o 822.33 SHA
|p 3010022127
|r 2025-04-06
|s 2025-02-17
|t 23
|w 2011-03-23
|y BK
|
| 952 |
|
|
|0 0
|1 0
|2 ddc
|4 0
|6 822_330000000000000_SHA
|7 0
|9 14909
|a BRACUL
|b BRACUL
|c GEN
|d 2011-03-23
|e Development Book Agency
|g 440.00
|l 5
|m 26
|o 822.33 SHA
|p 3010022128
|r 2024-03-05
|s 2024-02-05
|t 24
|w 2011-03-23
|y BK
|
| 952 |
|
|
|0 0
|1 3
|2 ddc
|4 0
|6 822_330000000000000_SHA
|7 0
|9 14912
|a BRACUL
|b BRACUL
|c GEN
|d 2011-03-23
|e Development Book Agency
|g 440.00
|l 2
|m 48
|o 822.33 SHA
|p 3010022129
|r 2022-06-15
|s 2019-09-16
|t 25
|v 440.00
|w 2011-03-23
|y BK
|
| 952 |
|
|
|0 0
|1 0
|2 ddc
|4 0
|6 822_330000000000000_SHA
|7 0
|9 14914
|a BRACUL
|b BRACUL
|c GEN
|d 2011-03-23
|e Development Book Agency
|g 440.00
|l 4
|m 34
|o 822.33 SHA
|p 3010022130
|r 2025-10-21
|s 2025-10-21
|t 26
|w 2011-03-23
|y BK
|
| 952 |
|
|
|0 0
|1 0
|2 ddc
|4 0
|6 822_330000000000000_SHA
|7 0
|9 14916
|a BRACUL
|b BRACUL
|c GEN
|d 2011-03-23
|e Development Book Agency
|g 440.00
|l 5
|m 59
|o 822.33 SHA
|p 3010022131
|r 2025-03-23
|s 2025-03-20
|t 27
|w 2011-03-23
|y BK
|
| 952 |
|
|
|0 0
|1 0
|2 ddc
|4 0
|6 822_330000000000000_SHA
|7 0
|9 14919
|a BRACUL
|b BRACUL
|c GEN
|d 2011-03-23
|e Development Book Agency
|g 440.00
|l 6
|m 41
|o 822.33 SHA
|p 3010022132
|r 2024-01-17
|s 2023-10-03
|t 28
|w 2011-03-23
|y BK
|
| 952 |
|
|
|0 0
|1 0
|2 ddc
|4 0
|6 822_330000000000000_SHA
|7 0
|9 14921
|a BRACUL
|b BRACUL
|c GEN
|d 2011-03-23
|e Development Book Agency
|g 440.00
|l 2
|m 4
|o 822.33 SHA
|p 3010022133
|r 2025-05-21
|s 2025-05-19
|t 29
|w 2011-03-23
|y BK
|
| 952 |
|
|
|0 0
|1 0
|2 ddc
|4 0
|6 822_330000000000000_SHA
|7 0
|9 14924
|a BRACUL
|b BRACUL
|c GEN
|d 2011-03-23
|e Development Book Agency
|g 440.00
|l 4
|m 18
|o 822.33 SHA
|p 3010022134
|r 2025-05-21
|s 2025-05-13
|t 30
|w 2011-03-23
|y BK
|
| 952 |
|
|
|0 0
|1 0
|2 ddc
|4 0
|6 822_330000000000000_SHA
|7 0
|9 15023
|a BRACUL
|b BRACUL
|c GEN
|d 2011-03-23
|e Development Book Agency
|g 440.00
|l 5
|m 73
|o 822.33 SHA
|p 3010022135
|r 2026-01-15
|s 2025-10-14
|t 31
|w 2011-03-23
|y BK
|
| 952 |
|
|
|0 0
|1 0
|2 ddc
|4 0
|6 822_330000000000000_SHA
|7 0
|9 15239
|a BRACUL
|b BRACUL
|c GEN
|d 2011-03-23
|e Development Book Agency
|g 440.00
|l 4
|m 32
|o 822.33 SHA
|p 3010022136
|r 2026-05-20
|s 2025-10-25
|t 32
|w 2011-03-23
|y BK
|
| 952 |
|
|
|0 0
|1 0
|2 ddc
|4 0
|6 822_330000000000000_SHA
|7 0
|9 15367
|a BRACUL
|b BRACUL
|c GEN
|d 2011-03-23
|e Development Book Agency
|g 440.00
|l 3
|m 23
|o 822.33 SHA
|p 3010022137
|r 2025-08-06
|s 2025-02-17
|t 33
|w 2011-03-23
|y BK
|
| 952 |
|
|
|0 0
|1 0
|2 ddc
|4 0
|6 822_330000000000000_SHA
|7 0
|9 15474
|a BRACUL
|b BRACUL
|c GEN
|d 2011-03-23
|e Development Book Agency
|g 440.00
|l 5
|m 55
|o 822.33 SHA
|p 3010022138
|r 2025-06-18
|s 2025-02-11
|t 34
|w 2011-03-23
|y BK
|
| 952 |
|
|
|0 0
|1 0
|2 ddc
|4 0
|6 822_330000000000000_SHA
|7 0
|9 15546
|a BRACUL
|b BRACUL
|c GEN
|d 2011-03-23
|e Development Book Agency
|g 440.00
|l 4
|m 47
|o 822.33 SHA
|p 3010022139
|r 2026-01-15
|s 2025-10-14
|t 35
|w 2011-03-23
|y BK
|